| 000 | 00835nam a22002293i 4500 | ||
|---|---|---|---|
| 001 | 80441 | ||
| 003 | BD-RjUL | ||
| 005 | 20220927102911.0 | ||
| 008 | 220720s19711968ii ||| | urd d | ||
| 035 | _a(BD-RjUL) 80441 | ||
| 040 |
_aUkOxU _beng _erda _cUkOxU |
||
| 041 | _aurd | ||
| 082 |
_223 _a891.43913 _bKHG 1971 |
||
| 100 |
_aخاں, .يوسف حسين # # Khan, Yusuf Hussain _95023 |
||
| 245 | 0 | 0 |
_aغالب اور آہنگ غالب / # # G̲ẖālib aur āhang-i G̲ẖālib / _cيوسف حسين خاں. # # Yūsuf Ḥusain Ḵẖāṉ. |
| 250 | _a2nd. ed. | ||
| 264 | 1 |
_aنئی دہلی : Naʼī Dihlī : _bغالب اکيڈمی، G̲ẖālib Akaiḍimī, _c1968. |
|
| 300 |
_a447 pages ; _c23 cm |
||
| 600 |
_aGhalib, Mirza Asadullah Khan, _d1797-1869 _93817 |
||
| 650 | _vUrdu Literature | ||
| 942 |
_2ddc _cBK |
||
| 999 |
_c80441 _d80441 |
||